[Event "BRA Universities op"]
[Site "Goiania"]
[Date "2012.06.14"]
[Round "4"]
[White "Luz, Heitor Carvalho"]
[Black "Dourado Pereira, Bruno Alves"]
[Result "0-1"]
[WhiteElo "1679"]
[BlackElo "1800"]
[PlyCount "56"]
[EventDate "2012.06.13"]
[EventType "swiss"]
[EventRounds "7"]
[EventCountry "BRA"]
[SourceTitle "CBM 149 Extra"]
[Source "ChessBase"]
[SourceDate "2012.08.24"]
[SourceVersion "1"]
[SourceVersionDate "2012.08.24"]
[SourceQuality "1"]

1. d4 d5 2. c4 c6 3. Nf3 Nf6 4. e3 g6 5. Bd3 Bg7 6. 0-0 Be6 7. cxd5 cxd5 8. Nc3 a6 9. Bd2 0-0 10. Na4 Nbd7 11. Rc1 Bg4 12. h3 Bxf3 13. Qxf3 e5 14. dxe5 Nxe5 15. Qe2 Re8 16. Rfd1 d4 17. Nc5 Re7 18. exd4 Qxd4 19. Be3 Qh4 20. Qd2 b6 21. Bg5 Qd4 22. Nb3 Qd7 23. Bf1 Qb7 24. Re1 Ne4 25. Qf4 Nxg5 26. Qxg5 Rae8 27. Qd2 h5 28. Re3 Bh6 0-1

[Event "BRA Universities op"]
[Site "Goiania"]
[Date "2012.06.13"]
[Round "1"]
[White "Dourado Pereira, Bruno Alves"]
[Black "Xavier, Lucca Lucas"]
[Result "0-1"]
[WhiteElo "1800"]
[BlackElo "2011"]
[PlyCount "70"]
[EventDate "2012.06.13"]
[EventType "swiss"]
[EventRounds "7"]
[EventCountry "BRA"]
[SourceTitle "CBM 149 Extra"]
[Source "ChessBase"]
[SourceDate "2012.08.24"]
[SourceVersion "1"]
[SourceVersionDate "2012.08.24"]
[SourceQuality "1"]

1. e4 e5 2. Nf3 Nc6 3. Nc3 Bc5 4. Bc4 Nf6 5. d3 h6 6. a3 d6 7. h3 Be6 8. Nd5 Bxd5 9. exd5 Ne7 10. b4 Bb6 11. Be3 Nfxd5 12. Qd2 Nxe3 13. fxe3 Nf5 14. d4 0-0 15. Bd3 Ng3 16. Rg1 exd4 17. e4 Re8 18. e5 dxe5 19. Bc4 e4 20. Nh2 d3 21. cxd3 Qd4 22. 0-0-0 exd3 23. Bxd3 Qa1+ 24. Bb1 Be3 25. Kc2 Bxd2 26. Rxd2 Ne4 27. Rd3 c5 28. bxc5 Nxc5 29. Rd5 Re2+ 30. Rd2 Rxd2+ 31. Kxd2 Rd8+ 32. Ke2 Qe5+ 33. Kf2 Rd2+ 34. Kf3 g5 35. g3 Qe2# 0-1

[Event "BRA Universities op"]
[Site "Goiania"]
[Date "2012.06.13"]
[Round "2"]
[White "Santos, Gleydson Jose Barbo"]
[Black "Dourado Pereira, Bruno Alves"]
[Result "1-0"]
[WhiteElo "1883"]
[BlackElo "1800"]
[PlyCount "107"]
[EventDate "2012.06.13"]
[EventType "swiss"]
[EventRounds "7"]
[EventCountry "BRA"]
[SourceTitle "CBM 149 Extra"]
[Source "ChessBase"]
[SourceDate "2012.08.24"]
[SourceVersion "1"]
[SourceVersionDate "2012.08.24"]
[SourceQuality "1"]

1. c4 d6 2. Nc3 Nf6 3. g3 g6 4. Bg2 Be6 5. Bxb7 Nbd7 6. Bxa8 Qxa8 7. Nf3 Bxc4 8. d3 Be6 9. h4 Bg7 10. Bg5 Bg4 11. a4 0-0 12. 0-0 Ne5 13. Nxe5 dxe5 14. f3 Bh3 15. Rf2 Rd8 16. Kh2 Be6 17. Nb5 Qb7 18. Qc1 c6 19. Nc3 h6 20. Bxf6 Bxf6 21. Ne4 Bg7 22. Nc5 Qb6 23. a5 Qb4 24. Nxe6 fxe6 25. Qc3 Qd6 26. e4 h5 27. Rd1 Bh6 28. Rc2 Rf8 29. Kg2 Rf6 30. Qxc6 Qd4 31. Qc8+ Bf8 32. Qc5 Qa4 33. Rdd2 Qe8 34. Qxa7 Qf7 35. Rf2 g5 36. hxg5 Rg6 37. Qe3 Qh7 38. Rc8 Qg7 39. a6 Rxg5 40. Qxg5 Qxg5 41. a7 h4 42. a8Q Qxg3+ 43. Kf1 Qf4 44. Rxf8+ Qxf8 45. Qxf8+ Kxf8 46. Rc2 Ke8 47. b4 h3 48. b5 Kd7 49. b6 h2 50. Kg2 h1Q+ 51. Kxh1 Kd6 52. b7 Kd7 53. b8R Kd6 54. Rd8# 1-0

[Event "Brazil Xadrez Brasil op"]
[Site "Brazil"]
[Date "2010.11.15"]
[Round "6"]
[White "Barbalho, Gislaine Santos"]
[Black "Dourado Pereira, Bruno Alves"]
[Result "1-0"]
[WhiteElo "1575"]
[BlackElo "1593"]
[PlyCount "45"]
[EventDate "2010.11.12"]
[EventType "swiss"]
[EventRounds "7"]
[EventCountry "BRA"]
[SourceTitle "EXT 2013"]
[Source "ChessBase"]
[SourceDate "2012.11.22"]
[SourceVersion "1"]
[SourceVersionDate "2012.11.22"]
[SourceQuality "1"]

1. e4 e5 2. Nf3 Nc6 3. d4 d6 4. h3 h6 5. Be3 Nf6 6. Bd3 Be7 7. Qd2 Be6 8. Nc3 a6 9. d5 Qd7 10. dxe6 fxe6 11. 0-0-0 0-0-0 12. g4 g5 13. Qe2 Nb4 14. Bc4 b5 15. Bd3 Rhf8 16. Nd2 d5 17. Nb3 d4 18. Bxb5 axb5 19. Nxb5 Bc5 20. Nxc5 Qe7 21. Na7+ Kb8 22. Qb5+ Ka8 23. Qb7# 1-0

[Event "Brazil Xadrez Brasil op"]
[Site "Brazil"]
[Date "2010.11.15"]
[Round "7"]
[White "Valente, Luiz Antonio Araujo"]
[Black "Dourado Pereira, Bruno Alves"]
[Result "1/2-1/2"]
[WhiteElo "1595"]
[BlackElo "1593"]
[PlyCount "67"]
[EventDate "2010.11.12"]
[EventType "swiss"]
[EventRounds "7"]
[EventCountry "BRA"]
[SourceTitle "EXT 2013"]
[Source "ChessBase"]
[SourceDate "2012.11.22"]
[SourceVersion "1"]
[SourceVersionDate "2012.11.22"]
[SourceQuality "1"]

1. d4 Nf6 2. c4 d5 3. Nf3 Nc6 4. Nc3 e6 5. Bg5 Be7 6. e3 h6 7. Bh4 0-0 8. Bd3 a6 9. cxd5 exd5 10. 0-0 Re8 11. a3 Ne4 12. Bxe7 Rxe7 13. Qc2 Qd6 14. Nxe4 dxe4 15. Bxe4 Bd7 16. Rac1 Rae8 17. Bxc6 bxc6 18. Ne5 Rxe5 19. dxe5 Qxe5 20. Rfd1 Bf5 21. Qxc6 Be4 22. Qxc7 Qg5 23. Qg3 Qb5 24. b4 Kh7 25. Rc7 Re6 26. Qg4 Qe5 27. Rc5 Qb2 28. f3 Rg6 29. Rg5 Rxg5 30. Qxe4+ g6 31. g3 Qxa3 32. Rb1 Qc3 33. Qd4 Qc2 34. Qd1 1/2-1/2